Risk and morality /

Bibliographic Details
Other Authors: Ericson, Richard Victor, Doyle, Aaron
Format: Book
Language:English
Published: Toronto ; Buffalo : University of Toronto Press, [2003]
Series:Green College thematic lecture series.
Subjects:

MARC

Tag First Indicator Second Indicator Subfields
LEADER 00000cam a2200000 a 4500
001 in00001805721
005 20151025185056.0
008 030124s2003 onca b 000 0 eng
020 |a 0802087604 (bound) 
020 |a 0802085636 (pbk.) 
035 |a (OCoLC)ocm51581642 
040 |a NLC  |b eng  |c NLC  |d ORU  |d TXA  |d UtOrBLW 
049 |a TXAM 
055 0 1 |a HM1101 
055 0 |a HM1101  |b R55 2003 
055 0 0 |a HM1101  |b R55 2003 
082 0 |a 303.3/72  |2 21 
090 |a HM1101  |b .R55 2003 
245 0 0 |a Risk and morality /  |c edited by Richard V. Ericson and Aaron Doyle. 
264 1 |a Toronto ;  |a Buffalo :  |b University of Toronto Press,  |c [2003] 
264 4 |c ©2003 
300 |a vi, 461 pages :  |b illustrations ;  |c 24 cm. 
336 |a text  |b txt  |2 rdacontent 
337 |a unmediated  |b n  |2 rdamedia 
338 |a volume  |b nc  |2 rdacarrier 
490 1 |a Green College thematic lecture series 
504 |a Includes bibliographical references. 
650 0 |a Social ethics. 
650 0 |a Risk  |x Moral and ethical aspects. 
650 0 |a Risk  |x Sociological aspects. 
700 1 |a Ericson, Richard Victor. 
700 1 |a Doyle, Aaron. 
830 0 |a Green College thematic lecture series. 
948 |a cataloged  |b h  |c 2003/12/12  |d c  |e dmitchel  |f 9:44:36 am 
994 |a E0  |b TXA 
999 |a MARS 
999 f f |s 89624d4e-de9c-37f5-8e2b-3d8fdb878fba  |i cbae4155-4eca-3edf-858f-8f0edfb9e054  |t 0 
952 f f |p ric  |a Texas A&M University  |b Rellis Campus  |c Joint Library Facility  |d Remote Storage  |t 0  |e HM1101 .R55 2003  |h Library of Congress classification  |i unmediated -- volume  |m A14830884588 
998 f f |a HM1101 .R55 2003  |t 0  |l Remote Storage